000 00479nam a22001937a 4500
003 MPLRDC
005 20220104142424.0
008 210129b ||||| |||| 00| 0 eng d
020 _a957-607-284-0
082 _a848.2 CYF-12
100 _a曹又方著
245 _a爱要亲密又自由
_c
250 _a十五刷
260 _a
_b圆神出版社有限公司
_c1997
300 _b
490 _a圆神丛书;227
650 _a现代别集
942 _cBK
_o848.2 CYF-12
999 _c30771
_d30761